000 00358nam a2200157Ia 4500
008 210210b1947 xxu||||| |||| 00| 0 eng d
041 _aeng
082 _a828/189
100 _aDHANAPALA (D B)
245 _aEminent Indians
260 _aBombay
_bNot Mentioned
_c1947
650 _aIndians
650 _aEminent
690 _aBiography
906 _a016035
999 _c135425
_d135425